|
|
|
|
| LEADER |
00000ny a22000003n 4500 |
| 005 |
20110627142944.0 |
| 008 |
080619s1998 sp s 000 0 spa c |
| 020 |
|
|
|a 8495027127
|
| 035 |
|
|
|a 324
|
| 040 |
|
|
|a UMA.RE
|d vLex
|
| 080 |
|
|
|a 349.6(0.034)
|
| 080 |
|
|
|a 351.777(0.034)
|
| 090 |
|
|
|c 1134
|d 1134
|
| 100 |
1 |
|
|a Gonzl̀ez-Varas Ibę̀z, Santiago
|
| 245 |
1 |
3 |
|a La reparacion de los daǫs causados a la Administracion
|h [Recurso electrn̤ico]
|b (Analisis administrativo, civil y penal) /
|c Santiago Gonzl̀ez-Varas Ibę̀z
|
| 256 |
|
|
|a Servicio en ln̕ea
|
| 260 |
|
|
|a [Barcelona] :
|b Cedecs,
|c 1998
|
| 506 |
1 |
|
|a Contenido solo disponible en los productos indicados
|d vLex Global
|d vLex Global (Academic Edition, excluding Law Schools)
|d vLex Global (U.S. Academic Edition, Law Schools)
|d vLex Global (U.S. Academic Edition, excluding Law Schools)
|d vLex Global (Academic Edition, Law Schools)
|
| 650 |
0 |
7 |
|a Responsabilidad civil
|2 Tesauro vLex
|
| 650 |
0 |
7 |
|a Civil
|2 Tesauro vLex
|
| 650 |
0 |
7 |
|a Reparacin̤ del daǫ
|2 Tesauro vLex
|
| 740 |
0 |
|
|a vLex Libros (Servicios en ln̕ea)
|
| 856 |
4 |
0 |
|u http://vlex.com/source/324
|z Acceso restringido
|
| 942 |
|
|
|c BOOK
|